Classical mechanics (Record no. 7673)
[ view plain ]
| 000 -LEADER | |
|---|---|
| fixed length control field | 00539 a2200205 4500 |
| 020 ## - INTERNATIONAL STANDARD BOOK NUMBER | |
| International Standard Book Number | 1-86094-424-8 |
| 020 ## - INTERNATIONAL STANDARD BOOK NUMBER | |
| International Standard Book Number | 1-86094-435-3 |
| 040 ## - CATALOGING SOURCE | |
| Original cataloging agency | DLC |
| Language of cataloging | DLC |
| 082 ## - DEWEY DECIMAL CLASSIFICATION NUMBER | |
| Classification number | 531.01515 |
| 100 1# - MAIN ENTRY--PERSONAL NAME | |
| Personal name | Kibble, T. W. B. |
| 245 10 - TITLE STATEMENT | |
| Title | Classical mechanics |
| Statement of responsibility, etc. | Tom W.B. Kibble, Frank H. Berkshire |
| 250 ## - EDITION STATEMENT | |
| Edition statement | 5. ed. |
| 260 ## - PUBLICATION, DISTRIBUTION, ETC. | |
| Place of publication, distribution, etc. | London : |
| Name of publisher, distributor, etc. | Imperial College Press, |
| Date of publication, distribution, etc. | 2004 |
| 300 ## - PHYSICAL DESCRIPTION | |
| Extent | xx, 478 s. : |
| Other physical details | ill. |
| 650 #7 - SUBJECT ADDED ENTRY--TOPICAL TERM | |
| Topical term or geographic name entry element | Mekanik |
| 650 #7 - SUBJECT ADDED ENTRY--TOPICAL TERM | |
| Topical term or geographic name entry element | Mechanics, Analytic |
| 650 #7 - SUBJECT ADDED ENTRY--TOPICAL TERM | |
| Topical term or geographic name entry element | Mechanics |
| 700 1# - ADDED ENTRY--PERSONAL NAME | |
| Personal name | Berkshire, Frank H. |
| 942 ## - ADDED ENTRY ELEMENTS (KOHA) | |
| Koha item type | Book |
| Call number prefix | 531 KIB |
| Source of classification or shelving scheme | |
| Withdrawn status | Lost status | Damaged status | Not for loan | Collection code | Permanent Location | Current Location | Shelving location | Date acquired | Source of acquisition | Cost, normal purchase price | Total Checkouts | Total Renewals | Full call number | Barcode | Date last seen | Date last checked out | Price effective from | Koha item type | Checked out |
|---|---|---|---|---|---|---|---|---|---|---|---|---|---|---|---|---|---|---|---|
| Central Library (CL) | Central Library (CL) | General Stacks | 09/21/2006 | Pak Book Corporation | 1911.12 | 9 | 7 | 531 KIB | SEECS007545 | 03/13/2026 | 01/29/2026 | 01/05/2017 | Book | ||||||
| Central Library (CL) | Central Library (CL) | General Stacks | 09/21/2006 | Pak Book Corporation | 1911.12 | 5 | 2 | 531 KIB | SEECS007544 | 01/25/2026 | 01/25/2026 | 01/05/2017 | Book | 02/24/2026 |
